| 000 | 01666nam a2200469 i 4500 | ||
|---|---|---|---|
| 001 | 54593 | ||
| 003 | KOSZ 005 | ||
| 005 | 20220322125756.0 | ||
| 008 | 061123s2006 pl a f f |001 0 pol | ||
| 015 | _aPB 2006/25156 | ||
| 020 | _a832043209X | ||
| 020 | _a8320432065 | ||
| 035 | _a(OCoLC)749196701 | ||
| 040 |
_aWA N _cWA N _dKOSZ 005/HR |
||
| 080 | _a621 | ||
| 080 | _a(075.8) | ||
| 245 | 0 | 0 |
_aPodstawy konstrukcji maszyn. _nT. 3 / _cpod red. Marka Dietricha ; aut. Tadeusz Kacperski [et al.]. |
| 250 | _aWyd. 3, (dodr.) | ||
| 260 |
_aWarszawa : _bWydawnictwa Naukowo-Techniczne, _c2006. |
||
| 300 |
_a706, [2] s. : _bil. ; _c25 cm. |
||
| 336 |
_2rdacontent _aTekst _btxt |
||
| 337 |
_2rdamedia _aBez urządzeniapośredniczącego _bn |
||
| 338 |
_2rdacarrier _aWolumin _bnc |
||
| 380 | _aKsiążki | ||
| 380 | _aPublikacje dydaktyczne | ||
| 380 | _aPublikacje fachowe | ||
| 385 |
_mPoziom nauczania _aSzkoły wyższe |
||
| 388 | _a2001- | ||
| 504 | _aBibliogr. przy rozdz. Indeks. | ||
| 521 | 8 | _aDla studentów wydz. mechanicznych wyższych szkół tech. oraz dla inżynierów mechaników. | |
| 650 | 4 | _aHamulce | |
| 650 | 4 | _aPrzekładnie | |
| 650 | 4 | _aSprzęgła | |
| 650 | 4 | _a Konstrukcja maszyn i urządzeń | |
| 655 | 4 | _aPodręczniki akademickie | |
| 658 | _aInżynieria i technika | ||
| 700 | 1 |
_aDietrich, Marek _d(1934-2009) _eRedakcja |
|
| 700 | 1 |
_aKacperski, Tadeusz _d(1928- ) _eAutor |
|
| 710 | 2 |
_aWydawnictwa Naukowo-Techniczne _4pbl. |
|
| 856 |
_uhttp://koha.tu.koszalin.pl/cgi-bin/koha/opac-detail.pl?biblionumber=54593 _yKatalog online BPK |
||
| 942 |
_2UKD _cKS |
||
| 999 |
_c54593 _d54593 |
||